000 00559nam a2200169Ia 4500
005 20250424120255.0
008 250424s9999 xx 000 0 und d
022 _a07947410
050 _aRC 46 .C66/
245 0 _aJournal of community medicine and primary health care
260 _aNigeria
260 _bMonkmedia
260 _c2016
300 _a93 p. :ill. ; 29 cm.
650 _a Primary care (Medicine)--Periodicals. Public health--Periodicals. Primary Health Care. Community Health Services. Primary care (Medicine) Public health.
942 _cSR
999 _c38373
_d38373